| Tag |
First Indicator |
Second Indicator |
Subfields |
| LEADER |
00000cam a2200000 4500 |
| 001 |
in00000041114 |
| 005 |
20151007070636.0 |
| 008 |
750326r1924 nyua 00010 eng u |
| 010 |
|
|
|a 24012145
|
| 035 |
|
|
|a (OCoLC)01239197
|
| 035 |
|
|
|9 AAE4412AM
|
| 040 |
|
|
|c YNG
|d TXA
|d UtOrBLW
|
| 049 |
|
|
|a TXAM
|c [25067]
|
| 050 |
|
0 |
|a QB51
|b .H15
|
| 092 |
|
|
|a 523.1
|b H16d
|
| 100 |
1 |
|
|a Hale, George Ellery,
|d 1868-1938.
|
| 245 |
1 |
4 |
|a The depths of the universe /
|c by George Ellery Hale ...
|
| 264 |
|
1 |
|a New York,
|a London :
|b Scribner,
|c 1924.
|
| 300 |
|
|
|a xv, 98 pages including frontispiece, illustrations, diagrams ;
|c 20 cm.
|
| 336 |
|
|
|a text
|b txt
|2 rdacontent
|
| 337 |
|
|
|a unmediated
|b n
|2 rdamedia
|
| 338 |
|
|
|a volume
|b nc
|2 rdacarrier
|
| 500 |
|
|
|a "Appeared during the last two years as articles in Scribner's magazine."--Pref.
|
| 505 |
0 |
|
|a The depths of the universe.--Barnard's dark nebulae.--Sun spots as magnets.
|
| 650 |
|
0 |
|a Astronomy.
|
| 650 |
|
0 |
|a Sunspots.
|
| 999 |
|
|
|a MARS
|
| 999 |
f |
f |
|s bbd1a780-cac7-3625-b0d3-3c56d7368548
|i 4ad0a109-8620-338b-b810-2d0b3bea4fde
|t 0
|
| 952 |
f |
f |
|p ric
|a Texas A&M University
|b Rellis Campus
|c Joint Library Facility
|d Remote Storage
|t 0
|e QB51 .H15
|h Library of Congress classification
|i unmediated -- volume
|m A14800900825
|
| 998 |
f |
f |
|a QB51 .H15
|t 0
|l Remote Storage
|